[Event "10th Leiden Open A 2016"]
[Site "Leiden NED"]
[Date "2016.07.15"]
[Round "1.1"]
[White "Van Wely,L"]
[Black "Van der Marel,B"]
[Result "1-0"]
[WhiteTitle "GM"]
[WhiteElo "2662"]
[BlackElo "2195"]
[WhiteFideId "1000268"]
[BlackFideId "1005855"]
[EventDate "2016.07.15"]

1. d4 Nf6 2. c4 c5 3. d5 e6 4. Nc3 exd5 5. cxd5 d6 6. e4 g6 7. f4 Bg7 8. Bb5+
Nfd7 9. Bd3 O-O 10. Nf3 Nf6 11. h3 a6 12. a4 b6 13. O-O Re8 14. Re1 Ra7 15. Bc4
Rae7 16. e5 Nfd7 17. Ne4 dxe5 18. d6 Re6 19. Bxe6 Rxe6 20. Neg5 Re8 21. Nxf7
Kxf7 22. Qd5+ 1-0

[Event "10th Leiden Open A 2016"]
[Site "Leiden NED"]
[Date "2016.07.15"]
[Round "1.2"]
[White "Overeem,M"]
[Black "Postny,E"]
[Result "0-1"]
[WhiteTitle "FM"]
[BlackTitle "GM"]
[WhiteElo "2178"]
[BlackElo "2625"]
[WhiteFideId "1004972"]
[BlackFideId "2804344"]
[EventDate "2016.07.15"]

1. Nf3 Nf6 2. g3 b5 3. Bg2 Bb7 4. O-O e6 5. d3 Be7 6. e4 d6 7. Re1 O-O 8. a4 b4
9. Nbd2 Nbd7 10. Nc4 a5 11. Nfd2 d5 12. exd5 exd5 13. Ne3 g6 14. b3 Re8 15. Bb2
Bf8 16. Nf3 Bg7 17. h3 c6 18. Rb1 h5 19. Nf1 Qc7 20. Rxe8+ Rxe8 21. Bc1 c5 22.
Bf4 Qd8 23. Qd2 c4 24. Nd4 Nc5 25. Nb5 c3 26. Qd1 Ne6 27. Be5 Nh7 28. Bxg7 Kxg7
29. Ne3 Nf6 30. h4 Qb6 31. d4 Bc6 32. Qf3 Nxd4 33. Nxd4 Qxd4 34. Rd1 Qe5 35. Qf4
Qxf4 36. gxf4 Rd8 37. Rd4 Ng4 38. Bf3 Nxe3 39. fxe3 Rd7 40. Kf2 Kf6 41. Be2 Ke7
42. Ke1 Kd6 43. Bf3 Re7 44. Ke2 Kc5 45. Kf2 Re6 46. Rd1 Rd6 47. Rd4 Bd7 48. Ke1
Bf5 49. Kd1 Be4 50. Be2 Rf6 51. Kc1 Rxf4 0-1

[Event "10th Leiden Open A 2016"]
[Site "Leiden NED"]
[Date "2016.07.15"]
[Round "1.3"]
[White "Sandipan,C"]
[Black "Ratsma,Midas"]
[Result "1-0"]
[WhiteTitle "GM"]
[WhiteElo "2568"]
[BlackElo "2171"]
[WhiteFideId "5004225"]
[BlackFideId "1032283"]
[EventDate "2016.07.15"]

1. d4 Nf6 2. Nf3 e6 3. Bf4 d5 4. e3 c5 5. c3 Nc6 6. Nbd2 Bd6 7. Bg3 O-O 8. Bd3
Re8 9. Ne5 Qc7 10. f4 Ne7 11. Bf2 b6 12. g4 Bb7 13. Qf3 Rad8 14. g5 Bxe5 15.
fxe5 Ne4 16. Nxe4 dxe4 17. Bxe4 Bxe4 18. Qxe4 cxd4 19. exd4 Qc4 20. Qe2 Qd5 21.
O-O Nf5 22. Rfd1 Rc8 23. Rac1 Qxa2 24. Ra1 Qd5 25. Rxa7 h6 26. gxh6 gxh6 27. Qh5
Kh8 28. Bg3 Rg8 29. Kf2 Qb3 30. Rd2 Rg5 31. Qxf7 Ng7 32. Kg2 b5 33. d5 b4 34.
Qb7 Qc4 35. Qxb4 exd5 36. Qxc4 dxc4 37. Rad7 Nf5 38. e6 Nxg3 39. Rd8+ Rxd8 40.
Rxd8+ Kg7 41. hxg3 Kf6 42. Rb8 Kxe6 43. Rb6+ 1-0

[Event "10th Leiden Open A 2016"]
[Site "Leiden NED"]
[Date "2016.07.15"]
[Round "1.4"]
[White "De Niet,GM"]
[Black "Ikonnikov,Vy"]
[Result "0-1"]
[BlackTitle "GM"]
[WhiteElo "2165"]
[BlackElo "2538"]
[WhiteFideId "1006100"]
[BlackFideId "4100972"]
[EventDate "2016.07.15"]

1. d4 Nf6 2. c4 e6 3. Nf3 Bb4+ 4. Nbd2 a5 5. a3 Bxd2+ 6. Bxd2 a4 7. Bg5 d6 8.
Qc2 Nbd7 9. e3 h6 10. Bh4 b6 11. Bd3 Bb7 12. O-O Ra5 13. Nd2 g5 14. Bg3 Nh5 15.
Be4 Qa8 16. f3 Nxg3 17. hxg3 h5 18. Kf2 Nf6 19. Bxb7 Qxb7 20. Rac1 Ke7 21. Ne4
Nxe4+ 22. Qxe4 Qxe4 23. fxe4 c5 24. Kg1 b5 25. cxb5 Rxb5 26. Rc4 Ra8 27. Rf2
Raa5 28. Rfc2 Kd7 29. Rf2 Kc6 30. Rxf7 Rxb2 31. Rg7 g4 32. Re7 Ra2 33. Rxe6 Rxa3
34. Rc1 Rxe3 35. e5 Kd5 36. Rxd6+ Ke4 37. Rxc5 Rxc5 38. dxc5 Kxe5 39. Rh6 Kd5
40. Ra6 a3 41. c6 Kd6 42. Kh2 Rb3 43. Kg1 Kc7 44. Kh2 Rd3 45. Kg1 Rxg3 46. Kh2
Rb3 47. Kg1 g3 48. Kf1 Re3 49. Ra5 Kxc6 50. Rxh5 Kb6 51. Rh8 Kb5 52. Rb8+ Kc4
53. Rb7 a2 0-1

[Event "10th Leiden Open A 2016"]
[Site "Leiden NED"]
[Date "2016.07.15"]
[Round "1.5"]
[White "Horvath,Cs1"]
[Black "Thakoerdien,Jerrel"]
[Result "1-0"]
[WhiteTitle "GM"]
[WhiteElo "2520"]
[BlackElo "2158"]
[WhiteFideId "700118"]
[BlackFideId "1037439"]
[EventDate "2016.07.15"]

1. Nf3 Nf6 2. c4 g6 3. g3 Bg7 4. Bg2 O-O 5. d4 d6 6. Nc3 c6 7. O-O Qa5 8. e4 Qh5
9. Ng5 Qxd1 10. Rxd1 h6 11. Nf3 Nbd7 12. h3 e5 13. Be3 Re8 14. d5 Bf8 15. b4 Rd8
16. dxc6 bxc6 17. Nd2 Kg7 18. Nb3 Be7 19. Na5 Nb8 20. f4 h5 21. a3 Rd7 22. fxe5
dxe5 23. c5 Bd8 24. Nc4 Bc7 25. b5 Rxd1+ 26. Rxd1 Be6 27. Nd5 Bd8 28. Nxe5 cxd5
29. exd5 Bf5 30. d6 Be4 31. Bxe4 Nxe4 32. c6 Nxd6 33. Rxd6 Bc7 34. Rd5 a6 35. b6
Bxe5 36. b7 1-0

[Event "10th Leiden Open A 2016"]
[Site "Leiden NED"]
[Date "2016.07.15"]
[Round "1.6"]
[White "Piket,Jo"]
[Black "Pavlovic,Milos"]
[Result "1/2-1/2"]
[BlackTitle "GM"]
[WhiteElo "2116"]
[BlackElo "2475"]
[WhiteFideId "1001256"]
[BlackFideId "900389"]
[EventDate "2016.07.15"]

1. d4 Nf6 2. Bg5 e6 3. e4 h6 4. Bxf6 Qxf6 5. Nf3 d6 6. c3 Nd7 7. Nbd2 Qd8 8. Bd3
Be7 9. Qe2 c5 10. O-O O-O 11. a4 Qc7 12. b4 b6 13. Ba6 Nf6 14. Bxc8 Rfxc8 15.
bxc5 bxc5 16. Qa6 Rab8 17. Rab1 d5 18. Ne5 cxd4 19. Rxb8 Rxb8 20. cxd4 dxe4 21.
Nc6 Rb6 22. Qc8+ Qxc8 23. Nxe7+ Kf8 24. Nxc8 Rb4 25. Nd6 Rxd4 26. N6c4 Nd5 27.
Rc1 Ke7 28. Nb3 Rd3 29. Nc5 Rc3 30. Rxc3 Nxc3 31. Kf1 f5 32. Ke1 Nd5 33. Kd2 g5
34. Nb3 Kf6 35. Nd4 Ne7 36. a5 e5 37. Nb5 Nc6 38. g4 fxg4 39. Ke3 Kf5 40. Nc7 h5
41. a6 g3 42. fxg3 Kg4 43. Ne6 Nb4 44. Nxe5+ Kf5 45. Nxg5 Kxe5 46. Nxe4 Nxa6 1/2-1/2

[Event "10th Leiden Open A 2016"]
[Site "Leiden NED"]
[Date "2016.07.15"]
[Round "1.7"]
[White "Pijpers,A"]
[Black "Polak,Alexander"]
[Result "1-0"]
[WhiteTitle "IM"]
[WhiteElo "2473"]
[BlackElo "2106"]
[WhiteFideId "1019554"]
[BlackFideId "1039695"]
[EventDate "2016.07.15"]

1. e4 c6 2. d4 d5 3. e5 Bf5 4. Nf3 e6 5. Be2 Nd7 6. O-O h6 7. a4 Ne7 8. a5 a6 9.
Be3 Qc7 10. Nbd2 O-O-O 11. b4 f6 12. Nb3 Bg4 13. exf6 gxf6 14. Nc5 Nxc5 15. bxc5
e5 16. Rb1 Rg8 17. Nh4 Qd7 18. f3 Nf5 19. Nxf5 Bxf5 20. Rb6 Kc7 21. Qb1 Qc8 22.
Qb2 Bh3 23. Rb1 Rxg2+ 24. Kh1 Kd7 25. Bf1 Bxc5 26. dxc5 Rdg8 27. Rxb7+ Ke6 28.
Rb8 1-0

[Event "10th Leiden Open A 2016"]
[Site "Leiden NED"]
[Date "2016.07.15"]
[Round "1.8"]
[White "Happel,Hen"]
[Black "Pruijssers,R"]
[Result "0-1"]
[WhiteTitle "FM"]
[BlackTitle "GM"]
[WhiteElo "2101"]
[BlackElo "2463"]
[WhiteFideId "1001078"]
[BlackFideId "1013068"]
[EventDate "2016.07.15"]

1. d4 f5 2. Nf3 Nf6 3. g3 g6 4. Bg2 Bg7 5. O-O O-O 6. c4 d6 7. Nc3 c6 8. b3 Na6
9. Bb2 Qe8 10. d5 Bd7 11. Qd2 Rc8 12. Nd4 Nc5 13. Rab1 Qf7 14. f3 cxd5 15. b4
Na4 16. Nxa4 Bxa4 17. cxd5 Qxd5 18. e4 fxe4 19. fxe4 Qh5 20. Ne6 Bh6 21. Nf4
Bxf4 22. Rxf4 Rc2 23. Qd3 Qb5 24. Qxb5 Bxb5 25. e5 dxe5 26. Bxe5 Bc6 27. Bxc6
Rxc6 28. b5 Rc2 29. a4 Nd7 30. Rxf8+ Kxf8 31. Bd4 b6 32. a5 e5 33. Be3 Ke7 34.
axb6 axb6 35. Bg5+ Ke6 36. h4 Nf6 37. Be3 Nd5 38. Bf2 e4 39. Bd4 Rd2 40. Bg7 e3
41. g4 Nf4 42. Rb4 Rg2+ 43. Kh1 Rxg4 44. Re4+ Kf7 45. Be5 Rxh4+ 46. Kg1 Nh3+ 0-1

[Event "10th Leiden Open A 2016"]
[Site "Leiden NED"]
[Date "2016.07.15"]
[Round "1.9"]
[White "Ten Hertog,H"]
[Black "Treiber,B"]
[Result "1-0"]
[WhiteTitle "FM"]
[WhiteElo "2458"]
[BlackElo "2098"]
[WhiteFideId "1026356"]
[BlackFideId "4644654"]
[EventDate "2016.07.15"]

1. b3 e5 2. Bb2 Nc6 3. c4 Nf6 4. d3 Bc5 5. e3 Qe7 6. a3 a5 7. Nc3 O-O 8. g4 d6
9. h3 Be6 10. Bg2 Nd8 11. Nge2 c6 12. d4 Ba7 13. dxe5 dxe5 14. Ng3 Nd7 15. Nce4
a4 16. b4 Qh4 17. Rg1 f6 18. Nf5 Bxf5 19. gxf5 Nb6 20. Qe2 Nf7 21. Bf3 Nh6 22.
Bg4 Rfd8 23. Nd2 Nf7 24. Nf3 Qh6 25. e4 g5 26. fxg6 hxg6 27. Bf5 Ng5 28. Nxg5
fxg5 29. Bc1 gxf5 30. Rxg5+ Qxg5 31. Bxg5 Rd4 32. Qh5 Nxc4 33. Qg6+ Kf8 34. Qf6+
Kg8 35. Qe6+ Kg7 36. Bf6+ 1-0

[Event "10th Leiden Open A 2016"]
[Site "Leiden NED"]
[Date "2016.07.15"]
[Round "1.10"]
[White "Van Halderen,H"]
[Black "Sagar,S"]
[Result "0-1"]
[BlackTitle "IM"]
[WhiteElo "2079"]
[BlackElo "2433"]
[WhiteFideId "1026682"]
[BlackFideId "5022509"]
[EventDate "2016.07.15"]

1. d4 Nf6 2. c4 e6 3. Nc3 Bb4 4. e3 c5 5. Bd3 Nc6 6. Nf3 Bxc3+ 7. bxc3 d6 8. O-O
e5 9. Nd2 O-O 10. Nb3 b6 11. f4 exd4 12. exd4 cxd4 13. cxd4 d5 14. c5 Nb4 15.
Bb1 Ba6 16. Rf3 Re8 17. Qd2 Nc6 18. Bd3 Ne4 19. Qd1 Bc4 20. Be3 Nb4 21. Bf1 Qf6
22. a3 Nc6 23. cxb6 Bxb3 24. Qxb3 Nxd4 25. Qxd5 Nxf3+ 26. gxf3 Qxa1 27. fxe4
Rad8 28. Qc6 axb6 29. Bxb6 Re6 30. Qc7 Rg6+ 0-1

[Event "10th Leiden Open A 2016"]
[Site "Leiden NED"]
[Date "2016.07.15"]
[Round "1.11"]
[White "Sukandar,I"]
[Black "Mokal,Amruta Sunil"]
[Result "1-0"]
[WhiteTitle "IM"]
[WhiteElo "2419"]
[BlackElo "2078"]
[WhiteFideId "7101937"]
[BlackFideId "5016371"]
[EventDate "2016.07.15"]

1. e4 c5 2. Nf3 e6 3. d4 cxd4 4. Nxd4 a6 5. Bd3 Nf6 6. O-O Qc7 7. Kh1 Bc5 8. Nb3
Ba7 9. f4 d6 10. Qf3 O-O 11. c4 Nc6 12. Nc3 Nb4 13. Be2 Nc2 14. Rb1 Nd4 15. Nxd4
Bxd4 16. Bd2 Bxc3 17. Bxc3 e5 18. f5 Qc6 19. Bd3 b5 20. cxb5 axb5 21. Rbc1 Qb6
22. a3 Bb7 23. Qe2 Rfc8 24. Rcd1 Bc6 25. Bb1 Rd8 26. Bb4 d5 27. Be7 Rd7 28. Bxf6
gxf6 29. Qg4+ Kf8 30. Qh4 Ke7 31. exd5 Bxd5 32. Rfe1 Qc7 33. Qb4+ Ke8 34. Qxb5
Rb8 35. Qe2 Ke7 36. b4 Qa7 37. Be4 Bxe4 38. Rxd7+ Kxd7 39. Qxe4 Ke7 40. Qe3 Qd7
41. Qc5+ Qd6 42. Rc1 Ra8 43. Qc7+ Qd7 44. Qxd7+ Kxd7 45. Rc3 Kd6 46. Rd3+ Kc6
47. Kg1 Kb5 48. Rc3 Ka4 49. Kf2 Rd8 50. Ke2 Rd4 51. Rc6 Kxa3 52. Rxf6 Kxb4 53.
Rxf7 h5 54. Re7 Rg4 55. g3 e4 56. Ke3 Kc5 57. Rxe4 Rg7 58. Kf4 Kd6 59. h3 Rg8
60. Re6+ Kd7 61. Rh6 1-0

[Event "10th Leiden Open A 2016"]
[Site "Leiden NED"]
[Date "2016.07.15"]
[Round "1.12"]
[White "Buikstra,Arjon"]
[Black "Beerdsen,Thomas"]
[Result "0-1"]
[BlackTitle "FM"]
[WhiteElo "2049"]
[BlackElo "2414"]
[WhiteFideId "1021834"]
[BlackFideId "1030108"]
[EventDate "2016.07.15"]

1. e4 c5 2. Nf3 d6 3. d4 cxd4 4. Nxd4 Nf6 5. Nc3 g6 6. Be2 Bg7 7. Be3 O-O 8. O-O
Nc6 9. Kh1 Bd7 10. f4 Rc8 11. Nb3 a6 12. Bf3 b5 13. a3 Be6 14. Nd5 Nd7 15. c3
Bxd5 16. exd5 Na5 17. Nxa5 Qxa5 18. Bd4 Bxd4 19. Qxd4 Qb6 20. Qe4 Rfe8 21. f5
Rc4 22. Qe2 Nf6 23. fxg6 hxg6 24. g3 Nd7 25. Bg2 Ne5 26. Rad1 Kg7 27. Rf2 Rh8
28. Rdf1 f6 29. Rf4 g5 30. Re4 Qc5 31. Rf5 Rxe4 32. Qxe4 Qc4 33. Rf2 Kf8 34. Re2
Ke8 35. Qxc4 bxc4 36. Re4 Kd7 37. Bf1 f5 38. Rd4 Nf3 0-1

[Event "10th Leiden Open A 2016"]
[Site "Leiden NED"]
[Date "2016.07.15"]
[Round "1.13"]
[White "Hendriks,W"]
[Black "Van Briemen,W"]
[Result "1-0"]
[WhiteTitle "IM"]
[WhiteElo "2407"]
[BlackElo "2047"]
[WhiteFideId "1000713"]
[BlackFideId "1026445"]
[EventDate "2016.07.15"]

1. e4 e6 2. d4 d5 3. e5 c5 4. c3 Nc6 5. Nf3 Qb6 6. a3 Nh6 7. b4 cxd4 8. cxd4 Nf5
9. Be3 Bd7 10. Bd3 Nxe3 11. fxe3 Be7 12. O-O O-O 13. Nc3 f6 14. exf6 Bxf6 15.
Na4 Qd8 16. Nc5 b6 17. Nxd7 Qxd7 18. Qc2 g6 19. Bb5 Nxb4 20. Qa4 1-0

[Event "10th Leiden Open A 2016"]
[Site "Leiden NED"]
[Date "2016.07.15"]
[Round "1.14"]
[White "Schroer,M"]
[Black "Rosen,E"]
[Result "1-0"]
[BlackTitle "IM"]
[WhiteElo "2033"]
[BlackElo "2393"]
[WhiteFideId "1012908"]
[BlackFideId "2032562"]
[EventDate "2016.07.15"]

1. c4 e6 2. g3 d5 3. Nf3 Nf6 4. Bg2 Be7 5. O-O O-O 6. d4 dxc4 7. Ne5 Nc6 8. Bxc6
bxc6 9. Nxc6 Qe8 10. Nxe7+ Qxe7 11. Qa4 e5 12. dxe5 Qxe5 13. Qxc4 Be6 14. Qc2
Bf5 15. Qc4 Rad8 16. Nc3 Bh3 17. Bf4 Qh5 18. Rfd1 Be6 19. Qb5 c5 20. f3 Rd4 21.
Be3 Rc4 22. Rac1 Qe5 23. Bf4 Rxf4 24. gxf4 Qe3+ 25. Kh1 Nh5 26. Qd3 Qxf4 27. Qd6
Qh4 28. Ne4 c4 29. Rd4 h6 30. Rg1 Re8 31. Qe5 f6 32. Qxh5 1-0

[Event "10th Leiden Open A 2016"]
[Site "Leiden NED"]
[Date "2016.07.15"]
[Round "1.15"]
[White "Baak,Evert"]
[Black "Sahil,Tic"]
[Result "1/2-1/2"]
[WhiteElo "1924"]
[BlackElo "2016"]
[WhiteFideId "1030167"]
[BlackFideId "5019710"]
[EventDate "2016.07.15"]

1. Nf3 d5 2. d4 Nf6 3. c4 e6 4. g3 Bb4+ 5. Bd2 Be7 6. Bg2 O-O 7. O-O Nbd7 8. Bf4
c6 9. Qc2 Nh5 10. Bc1 f5 11. Nbd2 Bd6 12. Ne1 Ndf6 13. Nd3 Ne4 14. Nf3 Nhf6 15.
Nfe5 Be7 16. c5 Nd7 17. f3 Nef6 18. Bf4 Nxe5 19. Bxe5 Nd7 20. Qc3 Nxe5 21. Nxe5
Bf6 22. Qe3 Bxe5 23. Qxe5 Qf6 24. Qxf6 Rxf6 25. f4 Bd7 26. b4 1/2-1/2

[Event "10th Leiden Open A 2016"]
[Site "Leiden NED"]
[Date "2016.07.15"]
[Round "1.17"]
[White "Kevlishvili,Robby"]
[Black "Van Orsouw,Theo"]
[Result "1-0"]
[WhiteTitle "FM"]
[WhiteElo "2384"]
[BlackElo "1966"]
[WhiteFideId "1040634"]
[BlackFideId "1047051"]
[EventDate "2016.07.15"]

1. e4 e5 2. Nf3 Nc6 3. Bb5 a6 4. Ba4 Nf6 5. O-O Be7 6. Re1 b5 7. Bb3 d6 8. c3
O-O 9. h3 Bb7 10. d4 Re8 11. a3 Bf8 12. Nbd2 h6 13. Ba2 Qd7 14. b4 d5 15. Nxe5
Nxe5 16. dxe5 Rxe5 17. f4 Re7 18. e5 Ne4 19. Nxe4 dxe4 20. Qxd7 Rxd7 21. e6 Rd3
22. Re3 Rd1+ 23. Kf2 fxe6 24. Bxe6+ Kh8 25. Bb3 Rd7 26. Bc2 Re8 27. Re2 g6 28.
Be3 Bg7 29. Rc1 Kh7 30. Bb1 Red8 31. Bc5 Rd2 32. Ke3 Rxe2+ 33. Kxe2 h5 34. h4
Bd5 35. Ke3 c6 36. Bd4 Bxd4+ 37. Kxd4 Re8 38. Re1 e3 39. Rxe3 Rxe3 40. Kxe3 Bxg2
41. Be4 Bxe4 42. Kxe4 Kg7 43. f5 Kf6 44. fxg6 Kxg6 45. Ke5 Kh6 46. Kf6 1-0

[Event "10th Leiden Open A 2016"]
[Site "Leiden NED"]
[Date "2016.07.15"]
[Round "1.21"]
[White "Slingerland,F"]
[Black "Van Diermen,A"]
[Result "1-0"]
[WhiteTitle "IM"]
[WhiteElo "2319"]
[BlackElo "1948"]
[WhiteFideId "1002473"]
[BlackFideId "1009710"]
[EventDate "2016.07.15"]

1. e4 d6 2. d4 Nf6 3. Nc3 g6 4. f4 Bg7 5. a3 O-O 6. Nf3 Nbd7 7. Be2 c5 8. Be3
cxd4 9. Nxd4 a6 10. O-O Qc7 11. Nd5 Nxd5 12. exd5 b5 13. Nc6 Nf6 14. a4 bxa4 15.
Rxa4 Bb7 16. Bf3 Qd7 17. c4 Rfe8 18. Re1 Qc7 19. b4 e6 20. Ra2 exd5 21. cxd5 Ne4
22. Qd3 f5 23. Rc2 Qf7 24. Bb6 Nf6 25. Rxe8+ Rxe8 26. h3 Qd7 27. Na5 Rc8 28.
Nxb7 Qxb7 29. Rxc8+ Qxc8 30. Be3 Qb7 31. Qc4 Qb5 32. Qc8+ Ne8 33. Be2 1-0

[Event "10th Leiden Open A 2016"]
[Site "Leiden NED"]
[Date "2016.07.15"]
[Round "1.22"]
[White "Erwich,Frans"]
[Black "Kollen,Z"]
[Result "0-1"]
[BlackTitle "FM"]
[WhiteElo "1945"]
[BlackElo "2310"]
[WhiteFideId "1004638"]
[BlackFideId "1024256"]
[EventDate "2016.07.15"]

1. e4 e6 2. Qe2 c5 3. Nf3 Nc6 4. g3 g6 5. Bg2 Bg7 6. d3 Nge7 7. c3 O-O 8. Bg5 d6
9. Na3 Rb8 10. Nc2 b5 11. d4 b4 12. O-O bxc3 13. bxc3 Qa5 14. Qd2 Ba6 15. Rfb1
cxd4 16. Nfxd4 Qc7 17. Nb4 Nxb4 18. cxb4 Rfc8 19. Rc1 Qb6 20. Bxe7 Qxd4 21. Qxd4
Bxd4 22. Bxd6 Bxa1 23. Rxa1 Rb6 24. Bc5 Rb7 25. a4 Rd7 26. f4 Bc4 27. Rc1 Bb3
28. a5 Rb7 29. Bf1 Rxb4 0-1

[Event "10th Leiden Open A 2016"]
[Site "Leiden NED"]
[Date "2016.07.15"]
[Round "1.23"]
[White "Plukkel,S"]
[Black "Hilarius,S"]
[Result "0-1"]
[WhiteTitle "FM"]
[WhiteElo "2304"]
[BlackElo "1945"]
[WhiteFideId "1008676"]
[BlackFideId "1014102"]
[EventDate "2016.07.15"]

1. e4 e5 2. Nf3 Nc6 3. d4 exd4 4. Nxd4 Nf6 5. Nc3 Bb4 6. Nxc6 bxc6 7. Bd3 d5 8.
exd5 cxd5 9. O-O O-O 10. Bg5 c6 11. Qf3 Bd6 12. Rfe1 Rb8 13. Rab1 Be6 14. h3 h6
15. Bd2 Nd7 16. Bf4 Qc7 17. Ne2 Nc5 18. Bxd6 Qxd6 19. Nd4 Nxd3 20. Qxd3 c5 21.
Nf3 Rfe8 22. b3 Re7 23. Rbd1 Rbe8 24. Qd2 Qc7 25. Ne5 d4 26. f4 Bd5 27. c3 f6
28. Ng6 Rxe1+ 29. Rxe1 Rxe1+ 30. Qxe1 Bf7 31. f5 Kh7 32. Nf8+ Kg8 33. Ne6 Qe5
34. Qxe5 fxe5 35. Nxc5 dxc3 36. Nd3 0-1

[Event "10th Leiden Open A 2016"]
[Site "Leiden NED"]
[Date "2016.07.15"]
[Round "1.24"]
[White "Van Straaten,M"]
[Black "Van Beek,Al"]
[Result "0-1"]
[BlackTitle "IM"]
[WhiteElo "1941"]
[BlackElo "2284"]
[WhiteFideId "1019775"]
[BlackFideId "1007262"]
[EventDate "2016.07.15"]

1. d4 Nf6 2. c4 g6 3. Nc3 d5 4. Nf3 Bg7 5. Qb3 dxc4 6. Qxc4 O-O 7. e4 a6 8. Be2
b5 9. Qb3 c5 10. dxc5 Be6 11. Qc2 Nbd7 12. Be3 Rc8 13. c6 Rxc6 14. Nd4 Rd6 15.
Nxe6 Rxe6 16. f3 Rc6 17. a3 Nb6 18. O-O Qc7 19. Qb3 Nfd7 20. Nd5 Nxd5 21. exd5
Rc2 22. Rac1 Rc8 23. Bd3 Rxc1 24. Rxc1 Qxc1+ 25. Bxc1 Rxc1+ 26. Kf2 Nc5 27. Qa2
Nxd3+ 28. Ke3 Nxb2 29. d6 Nc4+ 30. Ke2 exd6 31. a4 Ra1 0-1

[Event "10th Leiden Open A 2016"]
[Site "Leiden NED"]
[Date "2016.07.15"]
[Round "1.29"]
[White "Wilschut,P"]
[Black "Frost,P"]
[Result "1-0"]
[WhiteElo "2237"]
[BlackElo "1907"]
[WhiteFideId "1007165"]
[BlackFideId "3204634"]
[EventDate "2016.07.15"]

1. c4 Nf6 2. Nc3 e6 3. e4 c5 4. f4 d6 5. Nf3 b6 6. g3 Bb7 7. d3 Be7 8. Bg2 a6 9.
O-O O-O 10. h3 Qc7 11. g4 Re8 12. f5 Nc6 13. Bf4 Ne5 14. Nxe5 dxe5 15. Bg3 Rad8
16. g5 Nd7 17. f6 Bf8 18. h4 Nb8 19. h5 Rd7 20. Qg4 Nc6 21. Rf2 Nb4 22. Bf1 Nxd3
23. Bxd3 Rxd3 24. g6 hxg6 25. hxg6 gxf6 26. gxf7+ Kxf7 27. Rxf6+ Ke7 28. Raf1
Rd7 29. Qxe6+ Kd8 30. Rxf8 1-0

[Event "10th Leiden Open A 2016"]
[Site "Leiden NED"]
[Date "2016.07.16"]
[Round "2.1"]
[White "Schmidt Schaeffer,S"]
[Black "Van Wely,L"]
[Result "0-1"]
[BlackTitle "GM"]
[WhiteElo "2384"]
[BlackElo "2662"]
[WhiteFideId "4610148"]
[BlackFideId "1000268"]
[EventDate "2016.07.15"]

1. f4 d5 2. e3 g6 3. Nf3 Bg7 4. Be2 Nh6 5. O-O O-O 6. d4 Nd7 7. c4 dxc4 8. Nc3
c5 9. d5 Nb6 10. Ne5 e6 11. d6 Nf5 12. Ne4 Nd5 13. Rf3 c3 14. d7 Bxd7 15. Nxc3
Nxc3 16. bxc3 Bxe5 17. fxe5 Bc6 18. Rf4 Qc7 19. e4 Rad8 20. Qe1 Ng7 21. Rh4 Qxe5
22. Bh6 f5 23. Bf3 Rd3 24. Rc1 f4 25. Rg4 c4 26. Kh1 Qc7 27. Qh4 e5 28. Be2 Bxe4
29. Bxd3 cxd3 30. Qe1 Bf5 31. Rh4 Rd8 32. Rd1 Ne6 33. g4 Qc6+ 34. Kg1 Be4 35.
Rh3 Bf3 36. Rd2 Be2 37. Qf2 Qb6 38. Qxb6 axb6 0-1

[Event "10th Leiden Open A 2016"]
[Site "Leiden NED"]
[Date "2016.07.16"]
[Round "2.2"]
[White "Postny,E"]
[Black "Wiersma,E"]
[Result "1-0"]
[WhiteTitle "GM"]
[BlackTitle "IM"]
[WhiteElo "2625"]
[BlackElo "2354"]
[WhiteFideId "2804344"]
[BlackFideId "1002864"]
[EventDate "2016.07.15"]

1. d4 Nf6 2. c4 g6 3. Nc3 Bg7 4. e4 O-O 5. Nf3 c6 6. Be2 d5 7. e5 Ne4 8. O-O b6
9. Be3 Nxc3 10. bxc3 Ba6 11. Nd2 Nd7 12. a4 dxc4 13. Bxc4 Bxc4 14. Nxc4 b5 15.
Nd2 Nb6 16. axb5 cxb5 17. Qb3 Qd7 18. Ra5 Rfc8 19. Rfa1 a6 20. Rxa6 Rxa6 21.
Rxa6 Nd5 22. e6 fxe6 23. Ne4 Nxe3 24. fxe3 Qd5 25. Qxd5 exd5 26. Nc5 e5 27. Rb6
Bh6 28. Kf2 exd4 29. exd4 Bd2 30. Rxb5 Bxc3 31. Ke3 Be1 32. Nd3 Bh4 33. Rxd5 Rc2
34. Nf4 g5 35. Ne2 g4 36. Re5 Kf7 37. Nf4 h6 38. Rf5+ Kg7 39. Rc5 Ra2 40. Ke4
Bg5 41. Ne6+ Kg6 42. Nxg5 hxg5 43. Rc6+ Kh5 44. g3 Rxh2 45. Rc3 Kg6 46. d5 Re2+
47. Re3 Ra2 48. Ke5 Rf2 49. d6 Rf3 50. Ke4 Rxe3+ 51. Kxe3 Kf6 52. Kd4 Ke6 53.
Kc5 Kd7 54. Kd5 Kd8 55. Ke6 Ke8 56. Kf5 Kd7 57. Kxg4 Kxd6 58. Kxg5 Ke7 59. Kg6
Kf8 60. g4 Kg8 61. g5 1-0

[Event "10th Leiden Open A 2016"]
[Site "Leiden NED"]
[Date "2016.07.16"]
[Round "2.3"]
[White "Kollen,Z"]
[Black "Sandipan,C"]
[Result "0-1"]
[WhiteTitle "FM"]
[BlackTitle "GM"]
[WhiteElo "2310"]
[BlackElo "2568"]
[WhiteFideId "1024256"]
[BlackFideId "5004225"]
[EventDate "2016.07.15"]

1. e4 c5 2. Nf3 d6 3. d4 cxd4 4. Nxd4 Nf6 5. Nc3 a6 6. Be3 e6 7. Qd2 b5 8. f3 b4
9. Na4 Nbd7 10. g4 h6 11. h4 Ne5 12. Rg1 Bd7 13. b3 Bxa4 14. bxa4 Qc7 15. g5
hxg5 16. hxg5 Nfd7 17. g6 Nc5 18. gxf7+ Qxf7 19. f4 Ned7 20. Qg2 e5 21. Nf5 exf4
22. Bxf4 Ne5 23. Rd1 Rh4 24. Bxe5 Rxe4+ 25. Be2 Qxf5 26. Bxg7 Bxg7 27. Qxg7
O-O-O 28. Qg4 Qxg4 29. Rxg4 a5 30. Rxe4 Nxe4 31. Rd5 Nc5 32. Bb5 Kc7 33. Rh5 Kb6
34. Kd2 Rg8 35. Rh6 Rg2+ 36. Ke3 Kc7 37. Rh7+ Kd8 38. Rh8+ Ke7 39. Rh7+ Kf8 40.
Rh8+ Kg7 41. Ra8 Rxc2 42. Rxa5 Rxa2 43. Bc4 b3 44. Rb5 Kf6 45. Kd4 Rd2+ 46. Kc3
Rc2+ 47. Kd4 Rd2+ 48. Kc3 Rc2+ 49. Kd4 b2 50. a5 Rd2+ 51. Ke3 Rh2 52. a6 Nb3 53.
Rxb3 Rh3+ 0-1